000 00770nam a2200253Ia 4500
003 OSt
005 20220928113547.0
006 a|||||r|||| 00| 0
007 ta
008 220927b |||||||| |||| 00| 0 eng d
020 _c990
024 _a106027
037 _b559, 24/02/2010, Pioneer Book Distributors
_cTextual
040 _aSDCL
_cSDCL
_beng
041 _2eng
_aeng
082 _aX65, Q0
100 _aSunderasan Srinivasan
_9401313
245 0 _aLong-term investments
_b Project planning and appraisal.
260 _aNew Delhi
_bRoutledge
_c2010
300 _avii,190p
_ccm.
650 _aBuisness Economics
942 _hX65, Q0
_cTEXL
_2CC
999 _c750209
_d750209